The relationship between land productivity and land market case study from three villages in kampong thom provine, ទំនាក់ទំនងរវាងផលិតភាពដីធ្លី និងទីផ្សារដីធ្លីករណីសិក្សា ភូមិចំនួនបី ក្នុងខេត្តកំពង់ធំ (Record no. 4521)
[ view plain ]
| 000 -LEADER | |
|---|---|
| fixed length control field | 00721nam a22001577a 4500 |
| 003 - CONTROL NUMBER IDENTIFIER | |
| control field | OSt |
| 005 - DATE AND TIME OF LATEST TRANSACTION | |
| control field | 20151214155700.0 |
| 008 - FIXED-LENGTH DATA ELEMENTS--GENERAL INFORMATION | |
| fixed length control field | 151214b xxu||||| |||| 00| 0 eng d |
| 040 ## - CATALOGING SOURCE | |
| Transcribing agency | RUA |
| 082 ## - DEWEY DECIMAL CLASSIFICATION NUMBER | |
| Classification number | AED POR 2005 B219 Or.1 |
| 100 ## - MAIN ENTRY--PERSONAL NAME | |
| 9 (RLIN) | 4863 |
| Personal name | POR, RETH. |
| 245 ## - TITLE STATEMENT | |
| Title | The relationship between land productivity and land market case study from three villages in kampong thom provine, ទំនាក់ទំនងរវាងផលិតភាពដីធ្លី និងទីផ្សារដីធ្លីករណីសិក្សា ភូមិចំនួនបី ក្នុងខេត្តកំពង់ធំ |
| 260 ## - PUBLICATION, DISTRIBUTION, ETC. (IMPRINT) | |
| Place of publication, distribution, etc. | Phnom Penh |
| Name of publisher, distributor, etc. | RUA |
| Date of publication, distribution, etc. | 2005 |
| 300 ## - PHYSICAL DESCRIPTION | |
| Extent | x; 49p. |
| Other physical details | ill. |
| Dimensions | 29cm. |
| 942 ## - ADDED ENTRY ELEMENTS (KOHA) | |
| Source of classification or shelving scheme | |
| Koha item type | AED |
| Price effective from | Date last seen | Permanent Location | Not for loan | Date acquired | Source of classification or shelving scheme | Koha item type | Lost status | Withdrawn status | Date last checked out | Total Checkouts | Shelving location | Damaged status | Barcode | Current Location | Full call number |
|---|---|---|---|---|---|---|---|---|---|---|---|---|---|---|---|
| 2015-12-14 | 2015-12-14 | Library Block B | 2015-12-14 | AED | B219 | RUA030052 | Library Block B | AED POR 2005 B219 Or.1 | |||||||
| 2015-12-14 | 2015-12-14 | Library Block B | 2015-12-14 | AED | B219 | RUA030040 | Library Block B | AED POR 2005 B219 Or.2 | |||||||
| 2015-12-14 | 2015-12-14 | Library Block B | 2015-12-14 | AED | B219 | RUA030245 | Library Block B | AED POR 2005 B219 Or.3 | |||||||
| 2015-12-14 | 2015-12-14 | Library Block B | 2015-12-14 | AED | B219 | RUA030132 | Library Block B | AED POR 2005 B219 Or.4 | |||||||
| 2015-12-14 | 2017-09-02 | Library Block B | 2015-12-14 | AED | 2017-08-19 | 1 | B219 | RUA030850 | Library Block B | AED POR 2005 B219 Or.5 |